The stowaway : (Record no. 1945)

MARC details
000 -LEADER
fixed length control field 01174pam a2200325 a 4500
001 - CONTROL NUMBER
control field 1945
003 - CONTROL NUMBER IDENTIFIER
control field FISKH
005 - DATE AND TIME OF LATEST TRANSACTION
control field 20241121145244.0
008 - FIXED-LENGTH DATA ELEMENTS--GENERAL INFORMATION
fixed length control field 941018s1995 nyub j 000 1 eng
010 ## - LIBRARY OF CONGRESS CONTROL NUMBER
LC control number 94042299
020 ## - INTERNATIONAL STANDARD BOOK NUMBER
International Standard Book Number 9780590488235
040 ## - CATALOGING SOURCE
Original cataloging agency DLC
Transcribing agency DLC
Modifying agency DLC
Language of cataloging eng
042 ## - AUTHENTICATION CODE
Authentication code lcac
050 00 - LIBRARY OF CONGRESS CALL NUMBER
Classification number PZ7.G8619
Item number St 1995
082 00 - DEWEY DECIMAL CLASSIFICATION NUMBER
Classification number 813
Edition number 20
100 1# - MAIN ENTRY--PERSONAL NAME
Personal name Gregory, Kristiana.
245 14 - TITLE STATEMENT
Title The stowaway :
Remainder of title a tale of California pirates /
Statement of responsibility, etc. Kristiana Gregory.
260 ## - PUBLICATION, DISTRIBUTION, ETC.
Place of publication, distribution, etc. New York :
Name of publisher, distributor, etc. Scholastic,
Date of publication, distribution, etc. 1995.
300 ## - PHYSICAL DESCRIPTION
Extent 126 pages :
Other physical details maps ;
Dimensions 20 cm
505 ## - FORMATTED CONTENTS NOTE
Formatted contents note U<br/>
520 ## - SUMMARY, ETC.
Summary, etc. In 1818 Carlito, an eleven-year-old boy in the Spanish-owned town of Monterey, California, sees his quiet life threatened when the Argentinian privateer Hippolyte de Bouchard attacks with his pirate ships.
521 8# - TARGET AUDIENCE NOTE
Target audience note 820<br/>
Source Lexile<br/>
521 8# - TARGET AUDIENCE NOTE
Target audience note U<br/>
Source Raz-Plus<br/>
600 11 - SUBJECT ADDED ENTRY--PERSONAL NAME
Personal name Bouchard, Hipólito
General subdivision Fiction.
650 #1 - SUBJECT ADDED ENTRY--TOPICAL TERM
Topical term or geographic name entry element Pirates
General subdivision Fiction.
651 #1 - SUBJECT ADDED ENTRY--GEOGRAPHIC NAME
Geographic name Monterey (Calif.)
General subdivision Fiction.
906 ## - LOCAL DATA ELEMENT F, LDF (RLIN)
a 7
b cbc
c orignew
d 1
e ocip
f 19
g y-gencatlg
942 ## - ADDED ENTRY ELEMENTS (KOHA)
Source of classification or shelving scheme Dewey Decimal Classification
Koha item type Books
Suppress in OPAC No
Holdings
Withdrawn status Lost status Source of classification or shelving scheme Damaged status Not for loan Collection Home library Current library Shelving location Date acquired Total Checkouts Full call number Barcode Date last seen Copy number Price effective from Koha item type Date last checked out
    Dewey Decimal Classification     Fiction Footprints International School Library Network Toul Kork Campus Footprints International School Library Network Toul Kork Campus A TK Campus, 4th Floor, Room B401, Fiction Bookcases (1-6) 10/19/2023   GRE 813 PZ7.G8619 FISTK04910 10/19/2023 1 10/19/2023 Books  
    Dewey Decimal Classification     Fiction Footprints International School Library Network Toul Tom Poung Campus Footprints International School Library Network Toul Tom Poung Campus TTP Secondary Fiction Bookshelves 10/19/2023 1 GRE 813 PZ7.G8619 FISSE01231 09/11/2025 2 10/19/2023 Books 05/08/2025